[Event "IECG QN.2001.0.00162"]
[Site "IECG email"]
[Date "2001.01.29"]
[Round "?"]
[White "Collette, Dan"]
[Black "Hendershot, Paul"]
[Result "1-0"]
[WhiteElo "800"]
[BlackElo "800"]
[PlyCount "71"]
[EventDate "2001.01.29"]
[EventType "tourn (corr)"]
[EventRounds "6"]
[SourceTitle "Corr 2008"]
[Source "ChessBase"]
[SourceDate "2008.06.24"]
[SourceVersion "1"]
[SourceVersionDate "2008.06.24"]
[SourceQuality "1"]

1. e4 e6 2. d4 Nf6 3. Nc3 Bd6 4. e5 Bxe5 5. dxe5 Nd5 6. Bd2 Nc6 7. Nf3 d6 8. Bb5 dxe5 9. Nxe5 0-0 10. Nf3 a6 11. Bd3 Bd7 12. 0-0 f6 13. Nxd5 exd5 14. Nh4 Ne5 15. Qh5 f5 16. Bxf5 Bxf5 17. Nxf5 Qe8 18. Ng3 g6 19. Qg5 Qe6 20. Rae1 Rae8 21. Bf4 Qg4 22. Rxe5 Qxg5 23. Rxg5 Rxf4 24. Rxd5 Ra4 25. a3 Rc4 26. c3 Rc6 27. Rfd1 Kg7 28. Rd7+ Kh6 29. f3 Rb6 30. b4 Rc6 31. R1d4 Rxc3 32. Rh4+ Kg5 33. Ne4+ Kf5 34. Nxc3 h5 35. Re4 Rxe4 36. Nxe4 1-0

[Event "IECG QN.2001.0.00162"]
[Site "IECG email"]
[Date "2001.01.29"]
[Round "?"]
[White "Hendershot, Paul"]
[Black "Collette, Dan"]
[Result "0-1"]
[WhiteElo "800"]
[BlackElo "800"]
[PlyCount "67"]
[EventDate "2001.01.29"]
[EventType "tourn (corr)"]
[EventRounds "6"]
[SourceTitle "Corr 2008"]
[Source "ChessBase"]
[SourceDate "2008.06.24"]
[SourceVersion "1"]
[SourceVersionDate "2008.06.24"]
[SourceQuality "1"]

1. e4 e6 2. Nf3 d5 3. exd5 exd5 4. d4 Nf6 5. Bd3 Nc6 6. 0-0 Bg4 7. Re1+ Be7 8. Nc3 Nxd4 9. Be3 Nxf3+ 10. gxf3 Be6 11. Bf4 0-0 12. Nb5 c6 13. Nd4 Bh3 14. Bf5 Bxf5 15. Nxf5 Bc5 16. Be3 Bxe3 17. fxe3 Nh5 18. Kh1 Qf6 19. Nd4 Rfe8 20. b4 Re7 21. Qd2 Rae8 22. Rad1 Qg5 23. Re2 Qe5 24. Rde1 g6 25. c3 a6 26. e4 Nf4 27. Re3 h5 28. exd5 Qxe3 29. Rxe3 Rxe3 30. Kg1 Nxd5 31. Nc2 Re2 32. Qxe2 Rxe2 33. Nd4 Rxa2 34. Nb3 0-1